Child develpoment and pedagogy (part-1) : (Record no. 147287)

MARC details
000 -LEADER
fixed length control field 00757nam a22002177a 4500
005 - DATE AND TIME OF LATEST TRANSACTION
control field 20171113094258.0
010 ## - LCCN (DPL NO)
LC control number ENG-121303
020 ## - INTERNATIONAL STANDARD BOOK NUMBER
Terms of availability 200.00
International Standard Book Number 9788191087505
035 ## - SYSTEM CONTROL NUMBER
System control number EN-104835
037 ## - SOURCE OF ACQUISITION
Source of stock number/acquisition DBAD/PUB
082 ## - DEWEY DECIMAL CLASSIFICATION NUMBER
Classification number 370.15
100 ## - MAIN ENTRY--PERSONAL NAME
Personal name Deepa, L
245 ## - TITLE STATEMENT
Title Child develpoment and pedagogy (part-1) :
Statement of responsibility, etc by L.Deepa [and] V Shanthi
Remainder of title relevant to age group : 6-11 /
260 ## - PUBLICATION, DISTRIBUTION, ETC. (IMPRINT)
Place of publication, distribution, etc Chennai
Name of publisher, distributor, etc Sree Naveen Publication
Date of publication, distribution, etc 2012
270 ## - ADDRESS
Address No. 15, P.V. Shanmugam St., Subramaniapuram, Kolathur,
City Chennai
Postal code 600099
300 ## - PHYSICAL DESCRIPTION
Extent Part-(1352) p.
Dimensions 22 cm (pbk)
500 ## - GENERAL NOTE
General note Includes bibliographical references
505 ## - FORMATTED CONTENTS NOTE
Formatted contents note As per new syllabus of teachers eligibility test
700 ## - ADDED ENTRY--PERSONAL NAME
Personal name V.shanthi
942 ## - ADDED ENTRY ELEMENTS (KOHA)
Source of classification or shelving scheme Dewey Decimal Classification
Item type English Books
Classification part 370.15
Call number suffix DEE
Holdings
Withdrawn status Lost status Materials specified (bound volume or other part) Not for loan Collection code Home library Current library Date acquired Source of acquisition Cost, normal purchase price Full call number Barcode Copy number Cost, replacement price Koha item type
    Part-1 Not For Loan Non-fiction D.B.Act.Division Bawana 11/11/2017 DBAD/PUB 200.00 370.15 DEE EN-104835 1 200.00 English Books

© Delhi Public Library
Hit Counter
free hit counter